History Quiz

Random History or Year Quiz

Historical Events of 1991 Quiz Stats

 Plays Quiz Updated Oct 1, 2018

Support Sporcle.
Go Orange.
Score 0/24 Timer 07:00
6 Plays Today
Date Answer % Correct
January 16Iraq
94.3%
October 2Bill Clinton
76.9%
November 23Queen
75.3%
April 1Comedy Central
74.3%
November 7Magic Johnson
73.2%
March 3Rodney King
68.5%
October 11KGB
61.8%
June 23Sonic the Hedgehog
60.6%
December 25Mikhail Gorbachev
57.2%
February 5Dr. Jack Kevorkian
56.2%
August 13Super Nintendo Entertainment System
49.5%
June 12Boris Yeltsin
47.4%
Date Answer % Correct
September 24Nevermind
43.7%
October 15Clarence Thomas
40.2%
July 1Michael Landon
38.7%
July 22Jeffrey Dahmer
35.7%
October 27Minnesota Twins
34.5%
July 1Warsaw Pact
27.7%
May 25Pittsburgh Penguins
26.1%
May 18Dennis Miller
24.7%
January 27Scott Norwood
24.6%
September 3Frank Capra
21.7%
April 29Bangladesh
13.4%
September 19Otzi the Iceman
11.2%

You're not logged in!

Compare scores with friends on all Sporcle quizzes.
OR
Log In

From the Vault

Authors in Three Decades

by LTH

The works of these authors have stood the test of time.
Remove Ads.
Support Sporcle.
Get the best of Sporcle when you Go Orange. This ad-free experience offers more features, more stats, and more fun while also helping to support Sporcle. Thank you for becoming a member.

Show Comments

Extras

Top Quizzes Today


Score Distribution

Your Account Isn't Verified!

In order to create a playlist on Sporcle, you need to verify the email address you used during registration. Go to your Sporcle Settings to finish the process.

Report this User

Report this user for behavior that violates our Community Guidelines.

Details: